000 00855nam a22002897a 4500
001 00760
003 DO-SdBNP
005 20171117125407.0
007 00760
008 160711b sp 2010 ||||| |||| 00| 0 spa d
020 _a9788466312073
040 _aBPMSU
_bspa
_cBPMSU
082 4 _a823.7
_bA933e
100 1 _aAusten, Jane,
_d1775-1817
245 1 0 _aEmma /
_cJane Austen ; traducción José Luis López Muñoz,
260 _aMadrid, España :
_bSantillana ediciones generales,
_c2010.
300 _a620 p. :
_c19 cm.
490 1 _aPunto de lectura
_v20
650 4 _aNOVELA INGLESA
650 4 _aLITERATURA INGLESA
700 1 2 _aLópez Muñoz, José Luis
830 0 _aPunto de lectura
_n20
910 _aValidado. Control de calidad MFF
942 _2ddc
_cBK
945 _aInventariado, 2017/MFF
956 _aBTAVÁREZ
_b10
_c20161106
_d00760
999 _c10816
_d10816